000 01239nam a2200241 a 4500
001 48762
003 BD-RjUL
005 20211209054600.0
008 160816b ii ||||| |||| 00| p ben d
020 _c: Tk. 35.00
035 _a(BD-RjUL)48881
040 _aBD-RjUL
_bben
_cBD-RjUL
041 _aben
082 _223
_a891.44109
_bDUC
100 _aদত্ত, মাইকেল মধুসূদন
_9147088
245 1 0 _aচতুর্দ্দশপদী কবিতাবলী /
_cমাইকেল মধুসূদন দত্ত ; শ্রীদেবপ্রসাদ ভট্টাচার্য কর্তৃক সম্পাদিত, সংশোধিত ও পরিবর্ধিত
260 _aকলিকাতা :
_bমডার্ণ বুক এজেন্সী,
_c[?]
300 _a[৮], ৩২৮ পৃ. ;
_c১৯ সেমি
650 _aবাংলা কবিতা
_xইতিহাস ও সমালোচনা
_9147089
650 _aBengali Poetry
_xHistory and Criticism
_9147090
700 _aভট্টাচার্য, শ্রীদেবপ্রসাদ, সম্পাদক, সংশোধক ও পরিবর্ধক
_9147091
942 _2ddc
_cBK
999 _c48762
_d48762